Κοινωνία, ανεργία και κοινωνική αναπαραγωγή
Saved in:
| Other Authors: | , |
|---|---|
| Format: | Book |
| Language: | Greek |
| Published: |
Αθήνα :
Gutenberg,
2017.
|
| Subjects: | |
| Tags: |
Add Tag
No Tags, Be the first to tag this record!
|
MARC
| LEADER | 00000cam a2200000 a 4500 | ||
|---|---|---|---|
| 001 | 1/116235 | ||
| 008 | 180326s2017####gr | ||| |||| ||gre|| | ||
| 020 | |a 9789600118810 | ||
| 040 | |a GR-MyUa |b gre |c GR-MyUa |e AACR2 | ||
| 041 | 0 | |a gre | |
| 082 | 7 | |a 331.137 |2 (23) | |
| 245 | 0 | 0 | |a Κοινωνία, ανεργία και κοινωνική αναπαραγωγή / |c επιμέλεια Χριστίνα Καρακιουλάφη, Μάνος Σπυριδάκης. |
| 260 | |a Αθήνα : |b Gutenberg, |c 2017. | ||
| 300 | |a 475 σ. ; |c 24 εκ. | ||
| 650 | 0 | |a Unemployment. | |
| 650 | 0 | |a Unemployment |z Greece. | |
| 650 | 0 | |a Employment (Economic theory) | |
| 650 | 0 | |a Unemployed. | |
| 650 | 0 | |a Unemployed |z Greece. | |
| 650 | 0 | |a Labor policy. | |
| 700 | 1 | |a Καρακιουλάφη, Χριστίνα, |e edtf [Επιμελήτρια] | |
| 700 | 1 | |a Σπυριδάκης, Μάνος, |e edt [Επιμελητής] | |
| 852 | |a INST |b LESVOS |e 20180326 |h 331.137 ΚΟΙ |p 005100060142 |q 005100060142 |t BK |y 4 |x 20210521 | ||
| 970 | |a Τζαφέρη |b Ευαγγελία |z 26-03-2018 | ||